000 00455cam a2200193ua 4500
001 3114
005 20260515113633.0
008 110928n ii |||gr||||Z||||||asm
040 _cMAIN
082 _a891.4513
100 1 _aBaruah, Kanchan,
245 1 1 _aMrita bihonga
_cby Kanchan Baruah
250 _a3rd.
260 _aGuahati:
_bJyoti prakashan,992.
300 _a191p:
_c23cm.
653 _aAssamese novel
653 _aMrita bihonga
942 _cBK
999 _c2958
_d2958